Major tropical cyclones of 2020 - Statistics

General Stats
  • This quiz has been taken 15 times
    10 since last reset
  • The average score is 13 of 24
Answer Stats
Picture Answer % Correct
Eta
100%
Iota
100%
Zeta
100%
Laura
90%
Goni
80%
Delta
70%
Epsilon
70%
Teddy
70%
Vamco
60%
Harold
50%
Maysak
50%
Vongfong
50%
Amphan
40%
Bavi
40%
Douglas
40%
Genevieve
40%
Haishen
40%
Marie
40%
Molave
40%
Yasa
40%
Ferdinand
30%
Gati
30%
Herold
30%
Irondro
20%
No matching quizzes found
Score Distribution
Percent of People with Each Score
Percentile by Number Answered
Your Score History
You have not taken this quiz since the last reset